| 000 | 01312nam a2200313 a 4500 | ||
|---|---|---|---|
| 001 | BRCA_9088 | ||
| 003 | FranzMayer | ||
| 005 | 20230726105648.0 | ||
| 008 | 021017s1777----sp-#######---#000-0#spa-# | ||
| 040 |
_aMFM _besp _cMFM |
||
| 041 | _aspa | ||
| 044 | _asp | ||
| 050 | 4 |
_aDCON1 _b.D53 1777 |
|
| 082 | _2BX2185 | ||
| 100 | 1 |
_aDiotallevi, Alessandro _922458 |
|
| 245 | 1 | 0 |
_aSoliloquios del alma con Dios, en los cuales, según el orden de los versos del Miserere se expresan los afectos mismos de David, y se acomodan al penitente Cristiano _cescritos en lengua toscana por el padre Alexandro Diatallevi, de la estinguida Compañía llamada de Jesús ; y traducidos en castellano por D. José de Alexaga, Presbytero. |
| 260 |
_aMadrid _bPor Blas Román _c1777 |
||
| 300 |
_a123 p. _c15.5 x 11 cm. |
||
| 500 | _aEn portada: Se hallara en casa de D. Felipe Alberá, Carrera de S. Geronimo, frente la calle del Lobo | ||
| 500 | _aEstado físico: presenta encuadernación en pergamino | ||
| 500 | _aDonación del Arq. Sergio Aguilas Moreno | ||
| 500 | _aNúmero de control : 00003 | ||
| 610 | 2 | 4 |
_aIglesia católica _vPlegarias y devociones _922459 |
| 650 | 1 | 4 |
_aPenitencias _922460 |
| 650 | 1 | 4 |
_aEjercicios devotos _922461 |
| 700 | 1 |
_aAlexaga,José de _etr. _922462 |
|
| 902 | _aDCON | ||
| 942 |
_2lcc _cB |
||
| 999 |
_c8738 _d8738 |
||